000 nam a22 7a 4500
999 _c10766
_d10766
008 180223b ||||| |||| 00| 0 eng d
100 _aSharma,N.K.
_96611
245 _aSolutions to Academic Continuous and Comprehensive evaluation in Science-X
260 _aNew Delhi
_bAmanda
_c2011